[Event "POL-chT 1 Liga 2019"]
[Site "Dzwirzyno"]
[Date "2019.09.08"]
[Round "2.10"]
[White "Reza, Wojciech"]
[Black "Kowalski, Maciej"]
[Result "1-0"]
[WhiteElo "2293"]
[BlackElo "2095"]
[Annotator "NA"]
[PlyCount "79"]
[EventDate "2019.09.07"]
[EventType "team-tourn"]
[EventCountry "POL"]
[SourceTitle "playchess.com"]
[Source "ChessBase"]
[SourceQuality "1"]
[TimeControl "40/5400+30:1800+30"]

1. c4 {[%emt 0:00:00]} c5 {[%emt 0:00:00]} 2. Nf3 {[%emt 0:00:18]} Nc6 {[%emt 0:00:16]} 3. d4 {[%emt 0:01:29]} cxd4 {[%emt 0:03:16]} 4. Nxd4 {[%emt 0:01:16]} Nf6 {[%emt 0:00:34]} 5. g3 {[%emt 0:05:11]} g6 {[%emt 0:06:07]} 6. Bg2 {[%emt 0:02:54]} Bg7 {[%emt 0:00:09]} 7. Nc3 {[%emt 0:02:03]} O-O {[%emt 0:00:12]} 8. Nc2 {[%emt 0:03:08]} d6 {[%emt 0:13:47]} 9. O-O {[%emt 0:22:59]} Qa5 {[%emt 0:11:28]} 10. Qd2 {[%emt 0:10:43]} Qh5 {[%emt 0:08:08]} 11. Qg5 {[%emt 0:03:40]} Na5 {[%emt 0:05:42]} 12. b3 {[%emt 0:07:03]} Bd7 {[%emt 0:12:36]} 13. Qxh5 {[%emt 0:05:14]} Nxh5 {[%emt 0:00:23]} 14. Bd2 {[%emt 0:00:06]} Bc6 {[%emt 0:00:37]} 15. e4 {[%emt 0:02:16]} b6 {[%emt 0:01:31]} 16. Rac1 {[%emt 0:01:11]} e6 {[%emt 0:02:24]} 17. Rfd1 {[%emt 0:02:57]} Rac8 {[%emt 0:04:01]} 18. Nb4 {[%emt 0:00:55]} Rfd8 {[%emt 0:02:05]} 19. Bg5 {[%emt 0:09:33]} Rd7 {[%emt 0:04:25]} 20. Nb5 {[%emt 0:03:53]} Bf8 {[%emt 0:00:43]} 21. Nxc6 {[%emt 0:05:17]} Nxc6 {[%emt 0:00:10]} 22. Rd2 {[%emt 0:01:59]} Ng7 {[%emt 0:01:36]} 23. Rcd1 {[%emt 0:00:16]} Ne8 {[%emt 0:00:41]} 24. Bf4 {[%emt 0:00:29]} e5 {[%emt 0:12:07]} 25. Be3 {[%emt 0:01:11]} Rcd8 {[%emt 0:02:31]} 26. Bh3 {[%emt 0:01:04]} Rb7 {[%emt 0:00:15]} 27. Bg5 {[%emt 0:00:30]} Ra8 {[%emt 0:01:39]} 28. Bf1 {[%emt 0:02:22]} a6 {[%emt 0:00:46]} 29. Nc3 {[%emt 0:00:09]} Nd4 {[%emt 0:00:09]} 30. Kg2 {[%emt 0:00:13]} Nc7 {[%emt 0:00:33]} 31. Be3 {[%emt 0:00:43]} Nce6 {[%emt 0:00:31]} 32. f3 {[%emt 0:02:02]} h5 {[%emt 0:01:54]} 33. Kf2 {[%emt 0:00:36]} Kh7 {[%emt 0:00:14]} 34. Bh3 {[%emt 0:00:13]} f5 {[%emt 0:02:17]} 35. exf5 {[%emt 0:00:17]} gxf5 {[%emt 0:01:11]} 36. Ne2 {[%emt 0:01:02]} Bh6 {[%emt 0:00:19]} 37. Bxd4 {[%emt 0:01:17]} Bxd2 {[%emt 0:01:24]} 38. Bxf5+ {[%emt 0:00:17]} Kg7 {[%emt 0:00:23]} 39. Bxe6 {[%emt 0:01:23]} exd4 {[%emt 0:00:03]} 40. Rxd2 {[%emt 0:00:00]} 1-0

[Event "POL-chT 1 Liga 2019"]
[Site "Dzwirzyno"]
[Date "2019.09.08"]
[Round "2.10"]
[White "Winiarski, Mikolaj"]
[Black "Sabuk, Piotr"]
[Result "*"]
[WhiteElo "2213"]
[BlackElo "2397"]
[Annotator "TA"]
[PlyCount "25"]
[EventDate "2019.09.07"]
[EventType "team-tourn"]
[EventCountry "POL"]
[SourceTitle "playchess.com"]
[Source "ChessBase"]
[SourceQuality "1"]

{[%evp 9,9,18]} 1. c4 c5 2. Nf3 Nc6 3. d4 cxd4 4. Nxd4 Nf6 5. g3 {Predecessor:} e5 $146 6. Nb5 Bb4+ 7. Bd2 Bc5 8. N1c3 O-O 9. Bg2 a6 10. Na3 d6 11. O-O h6 12. Nc2 Be6 13. b3 {1-0 (56) Rapport,R (2735)-Nepomniachtchi,I (2775) Dortmund 2019} *

[Event "POL-chT 1 Liga 2019"]
[Site "Dzwirzyno"]
[Date "2019.09.08"]
[Round "2.11"]
[White "Rogala, Milosz"]
[Black "Renkowski, Piotr"]
[Result "0-1"]
[WhiteElo "1788"]
[BlackElo "2179"]
[Annotator "NA"]
[PlyCount "68"]
[EventDate "2019.09.07"]
[EventType "team-tourn"]
[EventCountry "POL"]
[SourceTitle "playchess.com"]
[Source "ChessBase"]
[SourceQuality "1"]
[TimeControl "40/5400+30:1800+30"]

1. e4 {[%emt 0:00:00]} e5 {[%emt 0:00:00]} 2. Nf3 {[%emt 0:00:00]} Nc6 {[%emt 0:00:00]} 3. d4 {[%emt 0:00:38]} exd4 {[%emt 0:00:01]} 4. Bc4 {[%emt 0:00:52]} Bc5 {[%emt 0:00:22]} 5. Ng5 {[%emt 0:01:47]} Nh6 {[%emt 0:00:58]} 6. Nxf7 {[%emt 0:00:43]} Nxf7 {[%emt 0:00:02]} 7. Bxf7+ {[%emt 0:00:08]} Kxf7 {[%emt 0:00:04]} 8. Qh5+ {[%emt 0:00:07]} g6 {[%emt 0:00:21]} 9. Qxc5 {[%emt 0:06:11]} d5 {[%emt 0:00:16]} 10. Qxd5+ {[%emt 0:13:18]} Qxd5 {[%emt 0:00:11]} 11. exd5 {[%emt 0:00:06]} Nb4 {[%emt 0:03:38]} 12. Na3 {[%emt 0:01:35]} Re8+ {[%emt 0:02:15]} 13. Kd1 {[%emt 0:05:20]} Bf5 {[%emt 0:09:13]} 14. Bd2 {[%emt 0:02:07]} Nxd5 {[%emt 0:01:19]} 15. Nb5 {[%emt 0:01:10]} Rad8 {[%emt 0:06:51]} 16. Re1 {[%emt 0:12:30]} Ne3+ {[%emt 0:04:55]} 17. fxe3 {[%emt 0:09:36]} dxe3 {[%emt 0:00:04]} 18. Rxe3 {[%emt 0:00:54]} Rxe3 {[%emt 0:00:11]} 19. Nc3 {[%emt 0:01:05]} b5 {[%emt 0:08:16]} 20. Kc1 {[%emt 0:03:16]} Re6 {[%emt 0:01:48]} 21. a3 {[%emt 0:01:40]} a5 {[%emt 0:02:15]} 22. b4 {[%emt 0:00:39]} a4 {[%emt 0:00:04]} 23. Bg5 {[%emt 0:01:02]} Re1+ {[%emt 0:02:31]} 24. Kb2 {[%emt 0:00:13]} Rxa1 {[%emt 0:00:03]} 25. Bxd8 {[%emt 0:00:24]} Rg1 {[%emt 0:00:39]} 26. Nxb5 {[%emt 0:03:30]} Rxg2 {[%emt 0:00:16]} 27. Nd4 {[%emt 0:04:25]} c6 {[%emt 0:03:34]} 28. Bc7 {[%emt 0:01:22]} Be4 {[%emt 0:00:41]} 29. Be5 {[%emt 0:01:54]} h5 {[%emt 0:00:58]} 30. Kc3 {[%emt 0:02:36]} g5 {[%emt 0:01:56]} 31. Bg3 {[%emt 0:01:15]} h4 {[%emt 0:00:20]} 32. Bc7 {[%emt 0:00:29]} g4 {[%emt 0:00:19]} 33. Be5 {[%emt 0:00:34]} h3 {[%emt 0:01:02]} 34. Kc4 {[%emt 0:00:25]} g3 {[%emt 0:00:06]} 0-1

[Event "POL-chT 1 Liga 2019"]
[Site "Dzwirzyno"]
[Date "2019.09.08"]
[Round "2.12"]
[White "Jablonska, Sabina"]
[Black "Gosciniak, Maria"]
[Result "1-0"]
[WhiteElo "1928"]
[BlackElo "2132"]
[Annotator "NA"]
[PlyCount "127"]
[EventDate "2019.09.07"]
[EventType "team-tourn"]
[EventCountry "POL"]
[SourceTitle "playchess.com"]
[Source "ChessBase"]
[SourceQuality "1"]
[TimeControl "40/5400+30:1800+30"]

1. d4 {[%emt 0:00:00]} g6 {[%emt 0:01:15]} 2. e4 {[%emt 0:01:20]} c6 {[%emt 0:00:06]} 3. Nf3 {[%emt 0:02:11]} d5 {[%emt 0:00:27]} 4. exd5 {[%emt 0:03:32]} cxd5 {[%emt 0:00:02]} 5. c4 {[%emt 0:05:49]} Bg7 {[%emt 0:00:28]} 6. Nc3 {[%emt 0:08:18]} Nf6 {[%emt 0:01:09]} 7. c5 {[%emt 0:04:02]} O-O {[%emt 0:00:21]} 8. Bd3 {[%emt 0:07:20]} Bg4 {[%emt 0:03:31]} 9. Bf4 {[%emt 0:12:17]} Nc6 {[%emt 0:02:26]} 10. Be2 {[%emt 0:06:34]} Bxf3 {[%emt 0:20:06]} 11. Bxf3 {[%emt 0:02:45]} a6 {[%emt 0:05:13]} 12. O-O {[%emt 0:04:15]} e6 {[%emt 0:00:37]} 13. Rb1 {[%emt 0:02:33]} Nd7 {[%emt 0:02:21]} 14. Ne2 {[%emt 0:06:21]} g5 {[%emt 0:07:35]} 15. Bd6 {[%emt 0:03:58]} Re8 {[%emt 0:00:11]} 16. b4 {[%emt 0:01:31]} Qf6 {[%emt 0:12:11]} 17. Qd2 {[%emt 0:02:37]} b5 {[%emt 0:12:31]} 18. Rfd1 {[%emt 0:05:20]} Nf8 {[%emt 0:01:19]} 19. Rb3 {[%emt 0:01:21]} Ng6 {[%emt 0:00:31]} 20. g3 {[%emt 0:02:25]} Nge7 {[%emt 0:02:30]} 21. Bh5 {[%emt 0:07:26]} Nf5 {[%emt 0:18:30]} 22. Rf3 {[%emt 0:00:56]} Ncxd4 {[%emt 0:03:53]} 23. Nxd4 {[%emt 0:01:19]} Qxd4 {[%emt 0:00:01]} 24. Qxd4 {[%emt 0:01:32]} Nxd4 {[%emt 0:01:37]} 25. Bxf7+ {[%emt 0:00:15]} Kh8 {[%emt 0:00:02]} 26. Rfd3 {[%emt 0:00:50]} Nc6 {[%emt 0:01:53]} 27. Bxe8 {[%emt 0:00:54]} Rxe8 {[%emt 0:00:01]} 28. a3 {[%emt 0:00:27]} Kg8 {[%emt 0:00:02]} 29. Re1 {[%emt 0:00:46]} Kf7 {[%emt 0:01:31]} 30. Rf3+ {[%emt 0:00:12]} Kg6 {[%emt 0:00:13]} 31. Rd3 {[%emt 0:00:16]} Kf7 {[%emt 0:00:01]} 32. f4 {[%emt 0:00:15]} gxf4 {[%emt 0:00:37]} 33. gxf4 {[%emt 0:00:01]} Bd4+ {[%emt 0:00:12]} 34. Kg2 {[%emt 0:01:30]} Rg8+ {[%emt 0:00:04]} 35. Rg3 {[%emt 0:01:32]} Rxg3+ {[%emt 0:00:16]} 36. hxg3 {[%emt 0:00:06]} Bb2 {[%emt 0:00:07]} 37. Re3 {[%emt 0:00:46]} h5 {[%emt 0:00:33]} 38. Kh3 {[%emt 0:02:38]} Bd4 {[%emt 0:00:38]} 39. Re2 {[%emt 0:01:05]} Bf6 {[%emt 0:00:13]} 40. Rd2 {[%emt 0:00:00]} Kg6 {[%emt 0:00:00]} 41. g4 {[%emt 0:06:46]} hxg4+ {[%emt 0:00:49]} 42. Kxg4 {[%emt 0:00:02]} Bc3 {[%emt 0:00:48]} 43. Rd3 {[%emt 0:01:42]} Bb2 {[%emt 0:00:24]} 44. Re3 {[%emt 0:02:32]} Kf7 {[%emt 0:00:11]} 45. Be5 {[%emt 0:03:11]} Bxe5 {[%emt 0:08:19]} 46. fxe5 {[%emt 0:00:46]} a5 {[%emt 0:00:02]} 47. bxa5 {[%emt 0:11:20]} Nxa5 {[%emt 0:00:06]} 48. Kf4 {[%emt 0:00:11]} Ke7 {[%emt 0:00:57]} 49. Rc3 {[%emt 0:01:44]} Kd7 {[%emt 0:03:46]} 50. Kg5 {[%emt 0:02:47]} Kc6 {[%emt 0:15:18]} 51. Kf6 {[%emt 0:00:12]} d4 {[%emt 0:00:01]} 52. Rh3 {[%emt 0:05:41]} Nb7 {[%emt 0:00:15]} 53. Kxe6 {[%emt 0:00:35]} Nxc5+ {[%emt 0:00:02]} 54. Kf5 {[%emt 0:01:17]} d3 {[%emt 0:01:30]} 55. Rh2 {[%emt 0:00:34]} Kd5 {[%emt 0:02:06]} 56. Rd2 {[%emt 0:00:19]} Kd4 {[%emt 0:06:47]} 57. e6 {[%emt 0:00:32]} Nxe6 {[%emt 0:00:25]} 58. Kxe6 {[%emt 0:00:06]} Kc3 {[%emt 0:00:01]} 59. Rd1 {[%emt 0:00:28]} Kc2 {[%emt 0:01:55]} 60. Rh1 {[%emt 0:00:07]} Kb3 {[%emt 0:00:27]} 61. Kd5 {[%emt 0:00:50]} Kxa3 {[%emt 0:00:12]} 62. Rh3 {[%emt 0:00:06]} Kb2 {[%emt 0:00:51]} 63. Rxd3 {[%emt 0:00:14]} Kc2 {[%emt 0:00:05]} 64. Rh3 {[%emt 0:00:15]} 1-0

[Event "POL-chT 1 Liga 2019"]
[Site "Dzwirzyno"]
[Date "2019.09.08"]
[Round "2.13"]
[White "Klekowski, Maciej"]
[Black "Szwed, Jacek"]
[Result "1-0"]
[WhiteElo "2473"]
[BlackElo "2370"]
[Annotator "TA"]
[PlyCount "77"]
[EventDate "2019.09.07"]
[EventType "team-tourn"]
[EventCountry "POL"]
[SourceTitle "playchess.com"]
[Source "ChessBase"]
[SourceQuality "1"]

{[%evp 22,87,50,39,35,39,40,43,47,58,64,71,95,88,133,112,117,95,150,133,131,130,114,127,104,97,100,96,58,66,106,112,173,158,210,183,290,298,285,290,347,363,350,332,337,310,352,345,556,556,637,624,867,865,869,836,862,857,852,846,831,794,834,825,796,772,753,744]} 1. d4 e6 2. c4 c5 3. d5 exd5 4. cxd5 d6 5. Nc3 g6 6. Nf3 a6 7. a4 Bg7 8. Nd2 Nd7 9. e4 Ngf6 10. Be2 O-O 11. O-O Ne8 12. Nc4 Ne5 {A74: Modern Benoni: Classical: 9...a6} 13. Ne3 f5 14. f4 Nf7 {White is slightly better.} 15. exf5 gxf5 {[#]} 16. h3 $146 ({Predecessor:} 16. Bd3 Nh6 17. Qc2 Bd7 18. Ne2 Qe7 19. Kh1 Nf6 20. Ng3 {0-1 (34) Lupulescu,C (2624)-Dolana,A (2346) Olanesti 2016}) 16... Qe7 17. Bd3 Bd4 18. Qf3 Nf6 19. Kh1 Nh6 (19... Bxe3 $142 20. Bxe3 Nh8) 20. Nc2 Bxc3 21. bxc3 Ne4 22. c4 Qh4 23. Bxe4 fxe4 24. Qf2 Qxf2 25. Rxf2 Bd7 {[#]} 26. a5 $1 Nf5 (26... Rfb8 $16) 27. Rb1 Rae8 {[#]} (27... h5 $16 28. Ne3 (28. Rxb7 Rab8 $11) 28... Rab8) 28. Ne3 $1 $18 ({Much less strong is} 28. Rxb7 $6 Rb8) 28... Nxe3 (28... Rb8 $142 29. Nxf5 Rxf5) 29. Bxe3 Bc8 30. Rb6 Rd8 31. g4 Kf7 32. f5 Rfe8 33. Kg2 Rg8 34. Kg3 Ke7 $2 (34... h5 35. g5 Rgf8) 35. Rf4 {White is clearly winning.} Kd7 36. Rxe4 Rde8 37. Re6 Kc7 38. Rxe8 Rxe8 {[%mdl 4096] Endgame KRB-KRB} 39. Kf3 {Played: Be3-f4} 1-0

[Event "POL-chT 1 Liga 2019"]
[Site "Dzwirzyno"]
[Date "2019.09.08"]
[Round "2.14"]
[White "Zylka, Stanislaw"]
[Black "Barski, Radoslaw"]
[Result "1/2-1/2"]
[WhiteElo "2338"]
[BlackElo "2425"]
[Annotator "TA"]
[PlyCount "78"]
[EventDate "2019.09.07"]
[EventType "team-tourn"]
[EventCountry "POL"]
[SourceTitle "playchess.com"]
[Source "ChessBase"]
[SourceQuality "1"]

{[%evp 16,78,4,16,58,-44,-35,-22,-29,-35,6,7,17,16,39,45,45,28,52,40,55,47,116,10,48,0,0,0,0,0,0,0,0,-51,0,0,0,-47,-45,-33,-39,-43,-67,-984,0,0,0,-987,-961,-1044,-1021,-841,0,0,69,69,70,65,66,65,95,95,87,0,0]} 1. e4 c5 2. Nf3 e6 3. d4 cxd4 4. Nxd4 Nf6 5. Nc3 Nc6 6. Nxc6 bxc6 7. e5 Nd5 8. Ne4 Qc7 9. f4 Rb8 {B45: Sicilian Four Knights} (9... Qb6 10. c4 Bb4+ 11. Ke2 f5 12. Nf2 Ne7 13. Nd3 Bc5 14. Nxc5 Qxc5 15. b3 Qb6 16. Qd6 c5 17. Ba3 Ng6 18. Bxc5 Nxf4+ 19. Ke3 Qxd6 20. Bxd6 {1-0 (38) Navara,D (2724)-Vocaturo,D (2615) Prague 2019}) 10. Nd6+ $146 (10. c4 $14) ({Predecessor:} 10. c4 Bb4+ 11. Ke2 O-O 12. a3 Be7 13. cxd5 cxd5 14. Nd6 Ba6+ 15. Ke1 f6 16. Bxa6 Qa5+ 17. b4 Qxa6 {1-0 (79) Iljiushenok,I (2524)-Pridorozhni,A (2593) Khanty-Mansiysk 2019}) 10... Bxd6 $15 11. exd6 Qa5+ ({Much worse is} 11... Qxd6 $6 12. c4 $14) 12. Qd2 Qb6 (12... Qxd2+ {is more complex.} 13. Kxd2 c5 14. c4 Nf6 15. Kc2 Bb7) 13. c4 Nf6 14. Bd3 c5 15. b3 Qxd6 16. Bb2 Qe7 17. O-O-O {[%mdl 1024] White has compensation.} Bb7 18. Rhe1 $1 d6 (18... Rd8 $14) 19. Re3 (19. g4 $1 $16) 19... O-O 20. g4 Nxg4 21. Rg1 f5 {[#]} 22. Bxf5 $1 {[%mdl 576] Remove Defender} Rxf5 (22... exf5 23. Rxe7) 23. Rxg4 e5 24. Reg3 (24. Rd3 $11) 24... Rf7 ({Better is} 24... g6 $15 25. fxe5 dxe5) 25. fxe5 $11 dxe5 {...Rbf8 is the strong threat.} 26. Qh6 Rbf8 $36 {[%mdl 2048] Black has some pressure.} 27. Bc3 $1 Kh8 28. Qe3 Rf1+ 29. Kb2 $2 {[%mdl 8192]} (29. Be1 $15 g6 30. Kb2) 29... R1f2+ 30. Kc1 Rf1+ ({Don't play} 30... Rxa2 $6 31. Rg1 $16) 31. Kb2 {[#]} R8f2+ $1 32. Ka3 Qd6 33. Ba5 {[#]} Rf7 $2 ({Black should play} 33... Qd1 $1 $19 {( -> ...Rxa2+!)} 34. Bc3 Rf6) 34. Rg5 R1f5 (34... Re7 $1 $11) 35. Rxf5 $14 Rxf5 36. Rg5 $1 {[%cal Rg5f5]} Rxg5 $1 37. Qxg5 e4 {[#]} 38. Bc3 $1 {[%csl Gc3][%cal Rg5g7][%mdl 512]} Qf8 39. Bxg7+ (39. Qe5 $16) 39... Qxg7 {Accuracy: White = 43%, Black = 37%.} 1/2-1/2

[Event "POL-chT 1 Liga 2019"]
[Site "Dzwirzyno"]
[Date "2019.09.08"]
[Round "2.15"]
[White "Kosakowski, Jakub"]
[Black "Koziol, Kamil"]
[Result "1/2-1/2"]
[WhiteElo "2411"]
[BlackElo "2292"]
[Annotator "TA"]
[PlyCount "59"]
[EventDate "2019.09.07"]
[EventType "team-tourn"]
[EventCountry "POL"]
[SourceTitle "playchess.com"]
[Source "ChessBase"]
[SourceQuality "1"]

{[%evp 13,59,0,21,17,14,11,11,10,39,16,10,20,24,27,32,-22,-20,-23,-35,-40,57,81,161,156,137,100,70,88,76,0,0,0,0,0,0,0,0,0,0,0,0,0,0,0,0,0,0,0]} 1. Nf3 d5 2. e3 Nf6 3. c4 e6 4. b3 c5 5. Bb2 Nc6 6. cxd5 exd5 7. Bb5 Be7 8. O-O {A13: English Opening: 1...e6} O-O 9. d4 Bg4 10. dxc5 Bxc5 11. Nbd2 (11. Bxc6 bxc6 12. Qc2 Ne4 13. Nbd2 Nxd2 14. Nxd2 Bb6 15. h3 Be6 {½-½ (62) Andreikin,D (2712)-Anand,V (2776) Moscow 2018}) 11... Rc8 12. Rc1 Bd6 13. h3 $36 {[%mdl 2048] White is pushing.} Bh5 14. Bxc6 $146 ({White should try} 14. Bd3 $14) ({Predecessor:} 14. a3 Bb8 15. Bxc6 bxc6 16. b4 a5 17. Qa4 axb4 18. axb4 Qd6 19. Be5 Qe7 20. Bxb8 {½-½ (20) Luminet,D (2285)-Peek,M (2294) Antwerp 1999}) 14... bxc6 $11 15. g4 Bg6 16. Ne5 Ne4 (16... Qe8 $15 17. f4 Rc7) 17. Nxg6 $14 (17. Rxc6 Rxc6 18. Nxc6 Qh4 $17) ({Stronger than} 17. Nxc6 Qh4 $17) 17... fxg6 (17... Nxd2 $16 18. Nxf8 (18. Qxd2 fxg6 19. Rc2 Rf7 $11) 18... Nxf1) 18. Nxe4 $18 dxe4 19. Qd4 {[%csl Gb2][%cal Rd4g7]} Qe7 20. Rc4 $1 Rfe8 21. Rd1 ({White should play} 21. Qc3 $16) 21... Rcd8 $11 {Threatens to win with ...Bc7.The position is equal.} 22. Rxc6 Bh2+ $1 {[%mdl 64] [#] Discovered Attack} 23. Kxh2 Rxd4 24. Bxd4 Qh4 25. Rd2 Rf8 26. Kg2 Rf3 27. Rc8+ Kf7 28. Rc7+ {[%mdl 64] [#] Double Attack} Ke6 29. Rc6+ $1 Kf7 30. Rc7+ {[%mdl 64] Double Attack. Accuracy: White = 60%, Black = 69%.} 1/2-1/2

[Event "POL-chT 1 Liga 2019"]
[Site "Dzwirzyno"]
[Date "2019.09.08"]
[Round "2.16"]
[White "Nowak, Mikolaj"]
[Black "Walter, Szymon"]
[Result "1-0"]
[WhiteElo "2262"]
[BlackElo "2311"]
[Annotator "NA"]
[PlyCount "91"]
[EventDate "2019.09.07"]
[EventType "team-tourn"]
[EventCountry "POL"]
[SourceTitle "playchess.com"]
[Source "ChessBase"]
[SourceQuality "1"]
[TimeControl "40/5400+30:1800+30"]

1. d4 {[%emt 0:00:56]} Nf6 {[%emt 0:00:45]} 2. c4 {[%emt 0:00:06]} Nc6 {[%emt 0:01:07]} 3. Nf3 {[%emt 0:05:42]} e6 {[%emt 0:01:53]} 4. Bf4 {[%emt 0:10:19]} d6 {[%emt 0:03:22]} 5. Nc3 {[%emt 0:01:21]} g6 {[%emt 0:01:11]} 6. e3 {[%emt 0:08:32]} Bg7 {[%emt 0:03:42]} 7. h3 {[%emt 0:01:16]} O-O {[%emt 0:01:14]} 8. Be2 {[%emt 0:00:58]} Qe8 {[%emt 0:04:19]} 9. O-O {[%emt 0:02:19]} e5 {[%emt 0:01:43]} 10. Bh2 {[%emt 0:02:17]} Bf5 {[%emt 0:03:44]} 11. d5 {[%emt 0:05:15]} Ne7 {[%emt 0:05:31]} 12. Nd2 {[%emt 0:03:21]} h5 {[%emt 0:05:46]} 13. b4 {[%emt 0:08:38]} a5 {[%emt 0:06:50]} 14. bxa5 {[%emt 0:02:54]} Rxa5 {[%emt 0:00:39]} 15. e4 {[%emt 0:02:27]} Bd7 {[%emt 0:03:20]} 16. Nb3 {[%emt 0:00:08]} Ra8 {[%emt 0:00:50]} 17. c5 {[%emt 0:02:21]} Nh7 {[%emt 0:01:05]} 18. a4 {[%emt 0:05:17]} f5 {[%emt 0:04:40]} 19. Nb5 {[%emt 0:05:05]} Qb8 {[%emt 0:00:59]} 20. cxd6 {[%emt 0:01:41]} cxd6 {[%emt 0:00:14]} 21. f3 {[%emt 0:01:12]} Bh6 {[%emt 0:11:36]} 22. Kh1 {[%emt 0:02:54]} Nf6 {[%emt 0:02:42]} 23. Qb1 {[%emt 0:09:20]} h4 {[%emt 0:01:05]} 24. Qe1 {[%emt 0:01:39]} Bg5 {[%emt 0:21:18]} 25. Qb4 {[%emt 0:02:43]} Bxb5 {[%emt 0:00:30]} 26. Bxb5 {[%emt 0:00:22]} Nh5 {[%emt 0:00:34]} 27. Na5 {[%emt 0:03:43]} Be3 {[%emt 0:01:11]} 28. Nc4 {[%emt 0:01:12]} Bc5 {[%emt 0:00:23]} 29. Qe1 {[%emt 0:00:44]} g5 {[%emt 0:09:12]} 30. Qc1 {[%emt 0:00:49]} f4 {[%emt 0:00:14]} 31. Nxe5 {[%emt 0:00:58]} Be3 {[%emt 0:00:20]} 32. Qa3 {[%emt 0:00:43]} Bc5 {[%emt 0:00:40]} 33. Qc1 {[%emt 0:01:10]} Be3 {[%emt 0:00:30]} 34. Qa3 {[%emt 0:00:30]} Bc5 {[%emt 0:00:11]} 35. Qc3 {[%emt 0:02:17]} Qa7 {[%emt 0:00:09]} 36. Nd7 {[%emt 0:00:42]} Bd4 {[%emt 0:00:08]} 37. Qa3 {[%emt 0:01:42]} Bxa1 {[%emt 0:01:33]} 38. Nxf8 {[%emt 0:00:44]} Rxf8 {[%emt 0:03:00]} 39. Qxa1 {[%emt 0:02:01]} Rc8 {[%emt 0:00:35]} 40. Bd7 {[%emt 0:00:00]} Rc2 {[%emt 0:00:00]} 41. Be6+ {[%emt 0:02:31]} Kh7 {[%emt 0:00:49]} 42. Bg4 {[%emt 0:07:10]} Ng3+ {[%emt 0:03:51]} 43. Bxg3 {[%emt 0:00:06]} hxg3 {[%emt 0:00:37]} 44. Qf6 {[%emt 0:02:17]} b5 {[%emt 0:00:06]} 45. Qf7+ {[%emt 0:01:24]} Kh8 {[%emt 0:00:38]} 46. Bf5 {[%emt 0:00:58]} 1-0

[Event "POL-chT 1 Liga 2019"]
[Site "Dzwirzyno"]
[Date "2019.09.08"]
[Round "2.17"]
[White "Dzierzak, Radoslaw"]
[Black "Tomaszewski, Kacper"]
[Result "1/2-1/2"]
[WhiteElo "2253"]
[BlackElo "2363"]
[Annotator "TA"]
[PlyCount "81"]
[EventDate "2019.09.07"]
[EventType "team-tourn"]
[EventCountry "POL"]
[SourceTitle "playchess.com"]
[Source "ChessBase"]
[SourceQuality "1"]

{[%evp 9,81,19,18,14,21,33,36,36,27,2,62,44,39,53,37,29,40,34,43,27,17,18,14,0,0,0,12,1,25,8,6,0,10,2,10,0,12,-10,-4,-4,-4,-6,0,0,0,0,8,-20,-22,-22,-10,-21,-26,-52,-21,-35,0,0,0,0,0,0,0,-51,0,0,0,0,0,0,0,0,0,0]} 1. e4 c5 2. Nf3 d6 3. Bb5+ Nd7 4. O-O a6 5. Bd3 Ngf6 6. c3 {B51: Sicilian: Moscow Variation (3 Bb5+) without 3...Bd7} (6. Re1 e6 7. a4 b6 8. c3 Bb7 9. Qe2 Qc7 10. Na3 Be7 11. Bb1 e5 12. d4 cxd4 13. cxd4 exd4 14. Nxd4 {½-½ (42) Jakovenko,D (2719)-Ding,L (2809) Shenzhen 2019}) 6... e5 7. Bc2 Be7 8. d4 {White is slightly better.} O-O 9. a4 b6 ({Black should try} 9... exd4 $11 10. cxd4 cxd4) 10. Re1 Qc7 11. Qe2 $146 ({Predecessor:} 11. Nbd2 Bb7 12. d5 c4 13. Nf1 {½-½ (41) Harsha,B (2344)-Henriquez Villagra,C (2520) Bhubaneswar 2016}) 11... Re8 12. dxe5 dxe5 13. Na3 {[%cal Bb1a3,Ba3b5,Bb5c3,Bc3d5][%mdl 32]} Bf8 14. Be3 Bb7 15. Nd2 Bc6 16. f3 Reb8 17. c4 Qb7 18. Nb5 Ne8 19. Nc3 Nc7 20. Nd5 Ne6 21. Bd3 Nd4 22. Qf1 Bd6 23. Nb1 b5 24. axb5 axb5 25. Rxa8 Qxa8 26. cxb5 Bxd5 27. exd5 c4 28. Bxd4 {[#] Hoping for Bf5.} cxd3 29. Be3 {Nc3 is the strong threat.} Rxb5 30. Qxd3 Rxb2 31. Nc3 Bb4 32. Rc1 Rb3 {[#] Threatens to win with ...Bxc3.} 33. Qc4 $1 {[%cal Rc4b3]} Rxc3 34. Rxc3 Bxc3 35. Qxc3 Qxd5 36. Qc8+ Nf8 37. Bc5 $1 {[%csl Gc5][%cal Rc8f8] The position is equal.} Qd1+ 38. Kf2 {[%csl Gc5][%cal Rc8f8]} Qd2+ 39. Kf1 {[%csl Gc5][%cal Rc8f8]} Qd1+ 40. Kf2 {[%csl Gc5][%cal Rc8f8]} Qd2+ 41. Kf1 {Accuracy: White = 51%, Black = 56%.} 1/2-1/2